Evolutionary genetics

Αποθηκεύτηκε σε:
Λεπτομέρειες βιβλιογραφικής εγγραφής
Κύριος συγγραφέας: Maynard Smith, John 1920-
Μορφή: Βιβλίο
Γλώσσα:English
Δημοσίευση: John Maynard Smith : Oxford University Press, 2006, 1998
Έκδοση:2nd ed.
Θέματα:
Ετικέτες: Προσθήκη ετικέτας
Δεν υπάρχουν, Καταχωρήστε ετικέτα πρώτοι!

MARC

LEADER 00000nam a2200000 i 4500
001 1/86491
008 080526r20061998 eng d
020 |a 0-19-850231-1 
035 |l 10097667 
040 |a GR-MY-UA  |b gre  |e aacr 
041 0 |a eng 
082 0 |a 572.838  |2 (22) 
100 1 |a Maynard Smith, John  |d 1920- 
245 1 0 |a Evolutionary genetics /  |c John Maynard Smith 
250 |a 2nd ed. 
260 |a John Maynard Smith :   |b Oxford University Press,   |c 2006, 1998 
300 |a xiv, 330 σ.;  |b πίν., διαγρ. ;  |c 25 εκ. 
504 |a Βιβλιογραφία: σ. 315-321 
504 |a Ευρετήριο: σ. 324-330 
650 0 0 |a Evolutionary genetics. 
650 0 0 |a Evolution  |x Problems and Exercises. 
650 0 0 |a Molecular biology  |x Problems and Exercises. 
852 |a INST  |b LESVOS  |e 20080526  |h 572.838 MAY  |p 005100042559  |q 005100042559  |t BK  |y 0 
901 |a BIBL1-2008-2 
909 |a Λ  |b 143275 
922 |a 1ΕΛΗ  |b 200712  |c ΕΠΕΑΕΚ2/ΤΠ  |d ΠΑΠΑΣΩΤΗΡΙΟΥ 
970 |a ΧΑΤΖΗΜΙΧΑΗΛ  |b ΜΑΡΙΑ  |z 2008/05/26